000 00873cam a2200277 i 4500
001 200466529
003 TR-AnTOB
005 20251223112539.0
007 ta
008 251212m19731969tu 00010 tur d
040 _aTR-AnTOB
_beng
_erda
_cTR-AnTOB
041 0 _atur
050 1 4 _aBJ1480
_b.H36 1973
090 _aBJ1480
_b.H36 1973
100 1 _aHançerlioğlu, Orhan,
_d1916-1991
_eauthor
_9106801
245 1 0 _aMutluluk düşüncesi :
_bbaşlangıcından bugüne /
_cOrhan Hançerlioğlu.
264 1 _aİstanbul :
_bVarlık Yayınevi,
_c1973.
300 _a291 pages ;
_c17 cm
336 _atext
_btxt
_2rdacontent
337 _aunmediated
_bn
_2rdamedia
338 _avolume
_bnc
_2rdacarrier
490 0 _aVarlık yayınları ;
_vsayı: 1756.
_a Faydalı kitaplar ;
_v43
650 7 _aMutluluk.
_2etuturkob
_916083
942 _2lcc
_cBK
999 _c200466529
_d84741